=LDR 00000nam 2200000 4500 =001 INLIS000000000040338 =005 20130612145915 =008 ***********************************ind** =035 ##$$0010-061300000040338 =041 ##$$a ind =082 ##$$a 805 =090 ##$$a 6A805, tim m.1 =100 ##$$a tim grad =245 ##$$a menepuk niat menuai apes =260 ##$$a 2011 $b yogyakarta =300 ##$$a 144 hlm, 11.5 x 19 cm =850 ##$$a NBPNMAT